| 000 | 00463nam a22001577a 4500 | ||
|---|---|---|---|
| 999 |
_c531752 _d531752 |
||
| 020 | _qHard Cover. | ||
| 082 | _a658 | ||
| 100 | _aMubarik, Saba. | ||
| 245 |
_aComparison of Procurement Processes of MNCs and SMEs / _cSaba Mubarik. |
||
| 260 |
_aIslamabad: _bNBS - NUST, _c2014. |
||
| 300 |
_a42 p.: ill.; _c30cm. |
||
| 942 |
_2ddc _cTHE |
||
| 650 |
_aMBA-Thesis. _917629 |
||
| 700 |
_aKamran Khalid. _918195 |
||